Vista normal
Vista MARC
Entrada Topical Term
Número de registros utilizados en: 1
001 - CONTROL NUMBER
- control field: 61271
003 - CONTROL NUMBER IDENTIFIER
- control field: OSt
005 - DATE AND TIME OF LATEST TRANSACTION
- control field: 20250721153341.0
008 - FIXED-LENGTH DATA ELEMENTS
- fixed length control field: 250721|| aca||aabn | a|a d
040 ## - CATALOGING SOURCE
- Original cataloging agency: OSt
- Transcribing agency: OSt
150 ## - HEADING--TOPICAL TERM
- Topical term or geographic name entry element: Familia
- General subdivision: historia
- Geographic subdivision: Nueva Granada
- Chronological subdivision: siglo xviii
670 ## - SOURCE DATA FOUND
- Source citation: Work cat.: (OSt)57675: Rodríguez, Pablo aut 61270, Sentimientos y vida familiar en el Nuevo Reino de Granada siglo XVIII /